000 00467nam a2200181Ia 4500
001 2583
005 20260306144817.0
008 260306t2014||||xx |||||||||||||| ||spa||
041 _aESP
082 _a616.891523
_bH46
100 _aHerranz Castillo, Teodoro
_eAUT
245 0 _aPsicoterapia con niños y psicodrama:
_bla cura por la alegría
260 _c2014
300 _a252 páginas :
_c22 cm.
650 _aGEN
654 _aCPS
942 _cLIB
_dJUS
_fJUS
_2ddc
_n
999 _c2583
_d2583